Online
Catalog

Compendio de administración : (Record no. 37459)

MARC details
000 -CABECERA
campo de control de longitud fija 00817nam a2200193 a 4500
001 - NÚMERO DE CONTROL
campo de control 000037969
005 - FECHA Y HORA DE LA ÚLTIMA TRANSACCIÓN
campo de control 20250527115319.0
008 - DATOS DE LONGITUD FIJA--INFORMACIÓN GENERAL
campo de control de longitud fija 090908s19uu dr a 000 0 spa d
040 ## - FUENTE DE LA CATALOGACIÓN
Centro catalogador/agencia de origen DO-SdBNP
Lengua de catalogación spa
Centro/agencia transcriptor BNPHU
082 ## - NÚMERO DE LA CLASIFICACIÓN DECIMAL DEWEY
Número de clasificación xxxx
Número de documento/Ítem xxxx
100 1# - ENTRADA PRINCIPAL--NOMBRE DE PERSONA
Nombre de persona Guillermo, Edgar
9 (RLIN) 18632
245 10 - MENCIÓN DE TÍTULO
Título Compendio de administración :
Resto del título teoría y práctica /
Mención de responsabilidad, etc. Edgar Guillermo, Eleido Rodríguez, William Rodríguez.
260 ## - PUBLICACIÓN, DISTRIBUCIÓN, ETC.
Lugar de publicación, distribución, etc. Santo Domingo:,
Fecha de publicación, distribución, etc. [199-?].
300 ## - DESCRIPCIÓN FÍSICA
Extensión 211 p. : ;
Dimensiones 22 cm.
504 ## - NOTA DE BIBLIOGRAFÍA, ETC.
Nota de bibliografía, etc. Bibliografía : p. 209-211
505 0# - NOTA DE CONTENIDO CON FORMATO
Título Conceptos generales de administración --
-- La historia de la administración --
-- El proceso administrativo --
-- Los objetivos y la toma de decisiones --
-- La planeación en la administración --
650 #0 - PUNTO DE ACCESO ADICIONAL DE MATERIA--TÉRMINO DE MATERIA
Término de materia o nombre geográfico como elemento de entrada Administración industrial
9 (RLIN) 5872
650 #0 - PUNTO DE ACCESO ADICIONAL DE MATERIA--TÉRMINO DE MATERIA
Término de materia o nombre geográfico como elemento de entrada Planificación empresarial
9 (RLIN) 1780
Holdings
Estado de retiro Estado de pérdida No para préstamo Código de colección Localización permanente Ubicación/localización actual Ubicación en estantería Fecha de adquisición Número de inventario Total de préstamos Signatura topográfica completa Código de barras Fecha visto por última vez Precio válido a partir de Tipo de ítem Koha
    Excluido de préstamo Patrimonio Dominicano Patrimonio Dominicano Patrimonio Dominicano En catalogación 11.03.2013 LF1   xxxx xxxx 37969-10 25.06.2020 25.06.2020 Libro y Folleto Colección Patrimonio Dominicano

Powered by Koha